MARC details
| 000 -LEADER |
| fixed length control field |
05242cgm a2201069 i 4500 |
| 001 - CONTROL NUMBER |
| control field |
on1319530888 |
| 003 - CONTROL NUMBER IDENTIFIER |
| control field |
OCoLC |
| 005 - DATE AND TIME OF LATEST TRANSACTION |
| control field |
20240806160441.0 |
| 007 - PHYSICAL DESCRIPTION FIXED FIELD--GENERAL INFORMATION |
| fixed length control field |
vd cvaizq |
| 008 - FIXED-LENGTH DATA ELEMENTS--GENERAL INFORMATION |
| fixed length control field |
220523p20222021nyu575 e vleng d |
| 024 1# - OTHER STANDARD IDENTIFIER |
| Standard number or code |
191329227824 |
| 024 7# - OTHER STANDARD IDENTIFIER |
| Standard number or code |
00191329227824 |
| Source of number or code |
gtin-14 |
| 028 41 - PUBLISHER NUMBER |
| Publisher number |
SDS1000816804 |
| Source |
Paramount Home Entertainment |
| 028 41 - PUBLISHER NUMBER |
| Publisher number |
3000090977 |
| Source |
Paramount Home Entertainment |
| 035 ## - SYSTEM CONTROL NUMBER |
| System control number |
(OCoLC)1319530888 |
| Canceled/invalid control number |
(OCoLC)1322235629 |
| -- |
(OCoLC)1335118998 |
| -- |
(OCoLC)1336073638 |
| 037 ## - SOURCE OF ACQUISITION |
| Source of stock number/acquisition |
Midwest Tape |
| Note |
http://www.midwesttapes.com |
| 040 ## - CATALOGING SOURCE |
| Original cataloging agency |
TEFMT |
| Language of cataloging |
eng |
| Description conventions |
rda |
| Transcribing agency |
TEFMT |
| Modifying agency |
OCLCQ |
| -- |
TEF |
| -- |
GK8 |
| -- |
GL4 |
| -- |
RNL |
| -- |
KYC |
| -- |
WC4 |
| -- |
LMJ |
| -- |
CG4 |
| -- |
TH8 |
| -- |
INO |
| -- |
YEQ |
| -- |
TXKIL |
| -- |
IGA |
| -- |
OCLCF |
| -- |
UINTA |
| 041 0# - LANGUAGE CODE |
| Language code of text/sound track or separate title |
eng |
| Language code of original and/or intermediate translations of text |
eng |
| 046 ## - SPECIAL CODED DATES |
| Beginning or single date created |
2021 |
| Ending date created |
2022 |
| Source of date |
edtf |
| 049 ## - LOCAL HOLDINGS (OCLC) |
| Holding library |
UCLB |
| 050 #4 - LIBRARY OF CONGRESS CALL NUMBER |
| Classification number |
PN1992.77 |
| Item number |
.Y45 2022 |
| 082 04 - DEWEY DECIMAL CLASSIFICATION NUMBER |
| Classification number |
791.45/75 |
| Edition number |
23 |
| 092 ## - LOCALLY ASSIGNED DEWEY CALL NUMBER (OCLC) |
| Classification number |
dvd |
| 130 0# - MAIN ENTRY--UNIFORM TITLE |
| Uniform title |
Yellowjackets (Television program). |
| Number of part/section of a work |
Season 1. |
| 9 (RLIN) |
6453335 |
| 245 10 - TITLE STATEMENT |
| Title |
Yellowjackets. |
| Number of part/section of a work |
Season one / |
| Statement of responsibility, etc |
Showtime presents ; created by Ashley Lyle and Bart Nickerson. |
| 246 3# - VARYING FORM OF TITLE |
| Title proper/short title |
Yellowjackets. |
| Number of part/section of a work |
Season 1 |
| 257 ## - COUNTRY OF PRODUCING ENTITY FOR ARCHIVAL FILMS |
| Country of producing entity |
United States |
| 264 #1 - Production, Publication, Distribution, Manufacture, and Copyright Notice. |
| Place of production, publication, distribution, manufacture |
[New York] : |
| Name of producer, publisher, distributor, manufacturer |
Showtime, |
| Date of production, publication, distribution, manufacture, or copyr |
[2022] |
| 264 #2 - Production, Publication, Distribution, Manufacture, and Copyright Notice. |
| Place of production, publication, distribution, manufacture |
Hollywood, California : |
| Name of producer, publisher, distributor, manufacturer |
Paramount Home Entertainment, |
| Date of production, publication, distribution, manufacture, or copyr |
2022. |
| 300 ## - PHYSICAL DESCRIPTION |
| Extent |
4 videodiscs (575 min.) : |
| Other physical details |
sound, color ; |
| Dimensions |
4 3/4 in. |
| 306 ## - PLAYING TIME |
| Playing time |
093500 |
| 336 ## - Content Type |
| Content type term |
two-dimensional moving image |
| 337 ## - Media type |
| Media type term |
video |
| 338 ## - Carrier type |
| Carrier type term |
videodisc |
| 340 ## - PHYSICAL MEDIUM |
| Dimensions |
4 3/4 in. |
| 500 ## - GENERAL NOTE |
| General note |
Title from container. |
| 500 ## - GENERAL NOTE |
| General note |
Originally broadcast as single episodes of a television program on the Showtime Network in 2021-2022. |
| 500 ## - GENERAL NOTE |
| General note |
Wide screen. |
| 500 ## - GENERAL NOTE |
| General note |
Exclusive special features: Yellowjackets: the female lens ; Yellowjackets: favorite moments. |
| 505 00 - FORMATTED CONTENTS NOTE |
| Miscellaneous information |
Disc one. |
| Title |
Pilot -- |
| -- |
F-Sharp -- |
| -- |
The dollhouse -- |
| Miscellaneous information |
Disc two. |
| Title |
Bear down -- |
| -- |
Blood hive -- |
| -- |
Saints -- |
| Miscellaneous information |
Disc three. |
| Title |
No compass -- |
| -- |
Flight of the bumblebee -- |
| -- |
Doomcoming -- |
| Miscellaneous information |
Disc four. |
| Title |
Sic Transit Gloria Mundi. |
| 508 ## - CREATION/PRODUCTION CREDITS NOTE |
| Creation/production credits note |
Written by Ashley Lyle, Jonathan Lisco, Sarah L. Thompson, Liz Phang, Ameni Rozsa [and others] ; directed by Karyn Kusama, Jamie Travis, Eva S�rhaug, Deepa Mehta, Billie Woodruff [and others]. |
| 511 1# - PARTICIPANT OR PERFORMER NOTE |
| Participant or performer note |
Melanie Lynskey, Tawny Cypress, Ella Purnell, Sophie N�elisse, Jasmin Savoy Brown, Sophie Thatcher, Sammi Hanratty, Steven Krueger, Warren Kole, Christina Ricci, Juliette Lewis, Courtney Eaton, Liv Hewson. |
| 520 ## - SUMMARY, ETC. |
| Summary, etc |
A wildly talented high school girl soccer team becomes the (un)lucky survivors of a plane crash deep in the Canadian wilderness. |
| 521 8# - TARGET AUDIENCE NOTE |
| Target audience note |
MPAA rating: MA<br/>Sex and Nudity<br/>Gore and Violence |
| 538 ## - SYSTEM DETAILS NOTE |
| System details note |
DVD; region 1, NTSC; wide screen (16:9); Dolby digital 5.1 surround. |
| 540 ## - TERMS GOVERNING USE AND REPRODUCTION NOTE |
| Terms governing use and reproduction |
For private home use only. |
| 546 ## - LANGUAGE NOTE |
| Language note |
English dialogue; English subtitles for the deaf and hard of hearing (SDH). |
| 650 #0 - SUBJECT ADDED ENTRY--TOPICAL TERM |
| Topical term or geographic name as entry element |
Airplane crash survival |
| Form subdivision |
Drama. |
| 9 (RLIN) |
5773194 |
| 650 #0 - SUBJECT ADDED ENTRY--TOPICAL TERM |
| Topical term or geographic name as entry element |
High school girls |
| Form subdivision |
Drama. |
| 650 #0 - SUBJECT ADDED ENTRY--TOPICAL TERM |
| Topical term or geographic name as entry element |
Soccer players |
| Form subdivision |
Drama. |
| 9 (RLIN) |
6403467 |
| 650 #0 - SUBJECT ADDED ENTRY--TOPICAL TERM |
| Topical term or geographic name as entry element |
Survival |
| Form subdivision |
Drama. |
| 9 (RLIN) |
5703629 |
| 650 #0 - SUBJECT ADDED ENTRY--TOPICAL TERM |
| Topical term or geographic name as entry element |
Wilderness survival |
| Form subdivision |
Drama. |
| 9 (RLIN) |
5740396 |
| 650 #7 - SUBJECT ADDED ENTRY--TOPICAL TERM |
| Topical term or geographic name as entry element |
Airplane crash survival. |
| Source of heading or term |
fast |
| 650 #7 - SUBJECT ADDED ENTRY--TOPICAL TERM |
| Topical term or geographic name as entry element |
High school girls. |
| Source of heading or term |
fast |
| 650 #7 - SUBJECT ADDED ENTRY--TOPICAL TERM |
| Topical term or geographic name as entry element |
Soccer players. |
| Source of heading or term |
fast |
| 650 #7 - SUBJECT ADDED ENTRY--TOPICAL TERM |
| Topical term or geographic name as entry element |
Survival. |
| Source of heading or term |
fast |
| 650 #7 - SUBJECT ADDED ENTRY--TOPICAL TERM |
| Topical term or geographic name as entry element |
Wilderness survival. |
| Source of heading or term |
fast |
| 650 #7 - SUBJECT ADDED ENTRY--TOPICAL TERM |
| Topical term or geographic name as entry element |
Lesbian characters. |
| Source of heading or term |
homoit |
| 9 (RLIN) |
6448220 |
| 650 #7 - SUBJECT ADDED ENTRY--TOPICAL TERM |
| Topical term or geographic name as entry element |
Multiracial lesbians. |
| Source of heading or term |
homoit |
| 9 (RLIN) |
6453336 |
| 650 #7 - SUBJECT ADDED ENTRY--TOPICAL TERM |
| Topical term or geographic name as entry element |
Black lesbians. |
| Source of heading or term |
homoit |
| 9 (RLIN) |
6453337 |
| 650 #7 - SUBJECT ADDED ENTRY--TOPICAL TERM |
| Topical term or geographic name as entry element |
Lesbian parents. |
| Source of heading or term |
homoit |
| 9 (RLIN) |
6453338 |
| 650 #7 - SUBJECT ADDED ENTRY--TOPICAL TERM |
| Topical term or geographic name as entry element |
Children of lesbians. |
| Source of heading or term |
homoit |
| 9 (RLIN) |
6453339 |
| 650 #7 - SUBJECT ADDED ENTRY--TOPICAL TERM |
| Topical term or geographic name as entry element |
White lesbians. |
| Source of heading or term |
homoit |
| 9 (RLIN) |
6453340 |
| 650 #7 - SUBJECT ADDED ENTRY--TOPICAL TERM |
| Topical term or geographic name as entry element |
Lesbian girls. |
| Source of heading or term |
homoit |
| 9 (RLIN) |
6453341 |
| 655 #7 - INDEX TERM--GENRE/FORM |
| Genre/form data or focus term |
Video recordings for the hearing impaired. |
| Source of term |
fast |
| 655 #7 - INDEX TERM--GENRE/FORM |
| Genre/form data or focus term |
Lesbian television. |
| Source of term |
homoit |
| 9 (RLIN) |
6453342 |
| 655 #7 - INDEX TERM--GENRE/FORM |
| Genre/form data or focus term |
Thrillers (Television programs) |
| Source of term |
lcgft |
| 9 (RLIN) |
5698785 |
| 655 #7 - INDEX TERM--GENRE/FORM |
| Genre/form data or focus term |
Action and adventure television programs. |
| Source of term |
lcgft |
| 9 (RLIN) |
5676921 |
| 655 #7 - INDEX TERM--GENRE/FORM |
| Genre/form data or focus term |
Fiction television programs. |
| Source of term |
lcgft |
| 9 (RLIN) |
5673656 |
| 655 #7 - INDEX TERM--GENRE/FORM |
| Genre/form data or focus term |
Television series. |
| Source of term |
lcgft |
| 655 #7 - INDEX TERM--GENRE/FORM |
| Genre/form data or focus term |
Video recordings for the hearing impaired. |
| Source of term |
lcgft |
| 700 1# - ADDED ENTRY--PERSONAL NAME |
| Personal name |
Lyle, Ashley, |
| Relator term |
creator, |
| -- |
screenwriter. |
| 9 (RLIN) |
6453343 |
| 700 1# - ADDED ENTRY--PERSONAL NAME |
| Personal name |
Nickerson, Bart, |
| Relator term |
creator, |
| -- |
screenwriter. |
| 9 (RLIN) |
6453344 |
| 700 1# - ADDED ENTRY--PERSONAL NAME |
| Personal name |
Kusama, Karyn, |
| Relator term |
television director. |
| 9 (RLIN) |
67005 |
| 700 1# - ADDED ENTRY--PERSONAL NAME |
| Personal name |
Lynskey, Melanie, |
| Relator term |
actor. |
| 9 (RLIN) |
69546 |
| 700 1# - ADDED ENTRY--PERSONAL NAME |
| Personal name |
Cypress, Tawny, |
| Dates associated with a name |
1976- |
| Relator term |
actor. |
| 9 (RLIN) |
6453345 |
| 700 1# - ADDED ENTRY--PERSONAL NAME |
| Personal name |
Purnell, Ella, |
| Dates associated with a name |
1996- |
| Relator term |
actor. |
| 9 (RLIN) |
6369405 |
| 700 1# - ADDED ENTRY--PERSONAL NAME |
| Personal name |
N�elisse, Sophie, |
| Relator term |
actor. |
| 9 (RLIN) |
6403648 |
| 700 1# - ADDED ENTRY--PERSONAL NAME |
| Personal name |
Brown, Jasmin Savoy, |
| Dates associated with a name |
1994- |
| Relator term |
actor. |
| 9 (RLIN) |
6453346 |
| 700 1# - ADDED ENTRY--PERSONAL NAME |
| Personal name |
Thatcher, Sophie, |
| Relator term |
actor. |
| 9 (RLIN) |
6453347 |
| 700 1# - ADDED ENTRY--PERSONAL NAME |
| Personal name |
Hanratty, Sammi, |
| Dates associated with a name |
1995- |
| Relator term |
actor. |
| 9 (RLIN) |
6230057 |
| 700 1# - ADDED ENTRY--PERSONAL NAME |
| Personal name |
Krueger, Steven, |
| Dates associated with a name |
1989- |
| Relator term |
actor. |
| 9 (RLIN) |
6453348 |
| 700 1# - ADDED ENTRY--PERSONAL NAME |
| Personal name |
Kole, Warren, |
| Dates associated with a name |
1977- |
| Relator term |
actor. |
| 9 (RLIN) |
6453349 |
| 700 1# - ADDED ENTRY--PERSONAL NAME |
| Personal name |
Ricci, Christina, |
| Relator term |
actor. |
| 9 (RLIN) |
62078 |
| 700 1# - ADDED ENTRY--PERSONAL NAME |
| Personal name |
Lewis, Juliette, |
| Relator term |
actor. |
| 9 (RLIN) |
61330 |
| 700 1# - ADDED ENTRY--PERSONAL NAME |
| Personal name |
Eaton, Courtney, |
| Dates associated with a name |
1996- |
| Relator term |
actor. |
| 9 (RLIN) |
6453350 |
| 700 1# - ADDED ENTRY--PERSONAL NAME |
| Personal name |
Hewson, Liv, |
| Dates associated with a name |
1995- |
| Relator term |
actor. |
| 9 (RLIN) |
6453351 |
| 710 2# - ADDED ENTRY--CORPORATE NAME |
| Corporate name or jurisdiction name as entry element |
Showtime Networks, |
| Relator term |
production company, |
| -- |
publisher. |
| 9 (RLIN) |
63052 |
| 710 2# - ADDED ENTRY--CORPORATE NAME |
| Corporate name or jurisdiction name as entry element |
Paramount Home Entertainment (Firm), |
| Relator term |
distributor. |
| 9 (RLIN) |
72161 |
| 856 7# - ELECTRONIC LOCATION AND ACCESS |
| Materials specified |
View cover art |
| Uniform Resource Identifier |
<a href="https://thumbnail.midwesttape.com/15037150_180.jpg">https://thumbnail.midwesttape.com/15037150_180.jpg</a> |
| Access method |
https |
| 942 ## - ADDED ENTRY ELEMENTS (KOHA) |
| Source of classification or shelving scheme |
Dewey Decimal Classification |
| Koha item type |
Rated-R Video, DVD, or Blu-Ray |